| 000 | 00353nam a2200145Ia 4500 | ||
|---|---|---|---|
| 008 | 230917s9999||||xx |||||||||||||| ||und|| | ||
| 040 |
_e140315 _aMAIN |
||
| 041 | _aEnglish | ||
| 082 | _a387.74 A77A | ||
| 100 | _aGoel , Sharad | ||
| 245 | 0 | _aAirline service marketing | |
| 260 |
_aNew Delhi _bPentagon Press _c2009 |
||
| 300 | _a401 p. | ||
| 942 | _cBK | ||
| 999 |
_c152462 _d152462 |
||